000
00297 a2200121 4500
020
_a
0195470826
090
_c
156
_d
156
100
_a
Chris Gosden
245
_a
Prehistory
_b
A Very short History
260
_a
Karachi
_b
Oxford University Press
_c
1995
300
_a
131 P
942
_a
NBS
_c
BK
_k
930 GOS
999
_c
342732
_d
342732